Rzeczowniki zawierające SER - Statystyki

Ogólne statystyki
  • Ten quiz został rozwiązany 25 razy
  • Średni wynik to 9 z 28
Statystyki odpowiedzi
Odpowiedź % Poprawnych
ser
100%
serw
83%
serce
71%
sernik
71%
serwetka
71%
serwis
58%
seria
46%
serial
42%
deser
38%
laser
38%
serpentyna
29%
serwer
29%
konserwa
25%
serdeczność
21%
serotonina
21%
koneser
17%
asertywność
13%
bokser
13%
karoseria
13%
konserwacja
13%
mikser
13%
serdelki
13%
bokserki
4%
ksero
4%
maser
4%
obserwacja
4%
reżyser
0%
serdenada
0%
Nie znaleziono quizów pasujących do podanych kryteriów
Rozkład punktacji
Procent ludzi z każdym wynikiem
Percentyl według liczby udzielonych odpowiedzi
Twoja historia wyników
Nie rozwiązałeś tego quizu